01672cam a22004577a 45000010008000000030004000080050017000120060019000290070015000480080041000630150016001040160022001200160018001420200043001600350026002030380012002290400090002410420014003310500024003450500022003690820025003912100036004162450117004522600031005694900053006005040066006535060043007195630007007626500027007696500028007966500029008246500030008536500033008836500026009166500021009427000016009637000021009797730045010008300042010458560127010878580105OSt20211122095858.0m d cr n 091217s2010 gw a sb 001 0 eng d a10,N032dnb7 a9992634552DE-1017 a0157032142Uk a9783642116919 (hdbk. : acidfree paper) a(WaSeSS)ssj0000429245 aKhadija aBTCTAbengcBTCTAdYDXCPdEMUdGWDNBdOHXdCDXdVRCdOCLCQdUKMGBdOCLCQdDLCdWaSeSS alccopycat 4aTJ211.37b.S96 2010 4aTJ211.37.S96 201004a629.892222/gerbSYM10aSymbiotic multi-robot organisms00aSymbiotic multi-robot organisms :breliability, adaptability, evolution /cPaul Levi and Serge Kernbach, (eds.). aBerlin :bSpringer,c2010.1 aCognitive systems monographs,x1867-4925 ;vv. 7 aIncludes bibliographical references (p. [437]-466) and index. aLicense restrictions may limit access. aHB 0aEvolutionary robotics.07aMehrrobotersystem.2swd07aSchwarmintelligenz.2swd07aKünstliches Leben.2swd07aKünstliche Evolution.2swd07aAdaptivregelung.2swd07aEmbodiment.2swd1 aLevi, Paul.1 aKernbach, Serge. 0tSpringerLink ebooks - Engineering (2010) 0aCognitive systems monographs ;vv. 7.40uhttp://www.columbia.edu/cgi-bin/cul/resolve?clio8580105zFull text available from SpringerLink ebooks - Engineering (2010)